000 00775nam a22002657a 4500
001 BR8700023
003 BR-BrBNA
005 20230928092310.0
007 ta
008 230509b bl.||||| |||| 00| 0 por d
040 _aBR-BrBNA
_bpor
_cBiblioteca Nacional de Agricultura
041 _a(Por)
072 _aK10
_b/G514
090 _ K10 BR8700023
100 1 _aSilva, C.G. da
245 1 _aPlanejamento de arborizacao do nucleo colonial da Jaiba
260 3 _aJaiba, MG (Brasil):
_c1975.
300 _a13 p.
500 _a(*) Documento disponível no(a) Instituto Estadual de Florestas, Belo Horizonte, MG (Brazil)
650 _aARBORIZACAO
650 _aPLANEJAMENTO FLORESTAL
650 _aMINAS GERAIS
909 _a202309
_bLucia
_c55
_dLucia Elande
942 _cBK
999 _c38187
_d38187